000 00825nam a2200217 i 4500
001 99715
003 ES-MaACL
005 20230906182537.0
007 t|
008 050915q19701979sp ||||1| spa d
100 1 _aEspinel, Vicente.
_947851
245 1 0 _aVida del escudero Marcos de Obregón /
_cVicente Martínez Espinel ; prólogo de Ignacio Bauer.
250 _a3ª ed.
260 _aMadrid :
_bIbero-Americana de Publicaciones,
_c[197-?]
300 _a2 v. ;
_c19 cm.
490 1 _aBiblioteca Populares Cervantes. Las cien mejores obras de la literatura española ;
_v35 y 36
700 1 _aBauer y Landauer, Ignacio.
_926568
830 0 _aBiblioteca Populares Cervantes. Las cien mejores obras de la literatura española ;
_v35 y 36
_9232407
852 _aES-MaACL
_jA-8733-4
_bR.98105
999 _c99715
_d99715